000 00674nam a2200229Ia 4500
008 160803s9999 xx 000 0 und d
020 _a0 439672406
100 _aFlood, Walt
245 4 _aThe mystery of the spotted band /
245 _cWalt Flood ; illustrations, Craig Phillips.
260 _aNew York :
260 _bScholastic Inc.
260 _c2004
300 _a16 pages :
300 _bcolor illustrations ;
300 _c20 cm.
440 _aRead 180.
500 _a"Based on a Sherlock Holmes story by Sir Arthur Conan Doyle."
650 _aDetective and mystery stories.
650 _aHolmes, Sherlock (Fictitious character)
700 _a230
999 _c298956
_d298956